000 00895cam a2200205 4500
001 ABS60706
008 000000n1999 000 0 eng u
035 _a(Sirsi) u101187
100 _aImrie, R.
245 _aProperty developers' attitudes to access in Sweden and the UK.
260 _c1999
490 _aAccess by Design
_v(79) Summer 1999, 9-12(4)
520 _aA comparison of attitudes to disabled access in Sweden and the UK, based on research carried out by the Dept. of Geography at Royal Holloway University in London. Concludes that best practice in the UK is more innovative than in Sweden, even though the built environment in Sweden is designed to higher standards of accessibility generally than that of the UK.
650 _aARCHITECTURE
650 _aSWEDEN
650 _aROYAL HOLLOWAY UNIVERSITY
690 _aBUILT ENVIRONMENT
700 _aHall, P.
942 _n0
999 _c60350
_d60350